Formula 1: Top 3 in Driver's Championship - Statistics

General Stats
  • This quiz has been taken 99,283 times
    19,261 since last reset
  • The average score is 33 of 71
Answer Stats
# Championships # Top 3 Driver % Correct
7 11 Lewis Hamilton
99%
4 7 Max Verstappen
98%
1 2 Lando Norris
94%
7 12 Michael Schumacher
93%
2 6 Fernando Alonso
90%
4 8 Sebastian Vettel
89%
3 6 Ayrton Senna
87%
0 2 Charles Leclerc
87%
1 6 Kimi Räikkönen
87%
0 1 Oscar Piastri
86%
1 3 Nico Rosberg
84%
0 2 Sergio Pérez
83%
1 2 Keke Rosberg
81%
0 4 Valtteri Bottas
81%
1 3 Jenson Button
77%
4 8 Alain Prost
75%
0 2 Daniel Ricciardo
74%
3 4 Niki Lauda
73%
2 3 Mika Häkkinen
71%
0 3 Mark Webber
65%
0 2 Felipe Massa
64%
1 2 Jacques Villeneuve
63%
1 4 Damon Hill
62%
0 1 Gilles Villeneuve
62%
2 5 Graham Hill
62%
1 1 Phil Hill
62%
5 7 Juan Manuel Fangio
60%
3 6 Nelson Piquet
57%
1 4 Nigel Mansell
56%
1 1 James Hunt
54%
0 4 Rubens Barrichello
54%
2 4 Emerson Fittipaldi
50%
3 6 Jackie Stewart
46%
2 3 Alberto Ascari
45%
0 2 Juan Pablo Montoya
45%
0 5 David Coulthard
42%
3 4 Jack Brabham
42%
1 2 Mario Andretti
42%
1 3 Giuseppe Farina
41%
2 5 Jim Clark
38%
1 4 Jody Scheckter
37%
1 3 Alan Jones
36%
1 2 Jochen Rindt
32%
1 2 John Surtees
29%
1 3 Denny Hulme
28%
0 1 Eddie Irvine
28%
1 2 Mike Hawthorn
28%
0 3 Bruce McLaren
27%
0 2 Gerhard Berger
27%
0 2 Heinz-Harald Frentzen
26%
0 7 Stirling Moss
26%
0 2 Jacky Ickx
24%
0 3 Riccardo Patrese
20%
0 4 Carlos Reutemann
18%
0 2 Clay Regazzoni
17%
0 3 Ronnie Peterson
17%
0 1 Michele Alboreto
14%
0 1 René Arnoux
14%
0 1 Didier Pironi
12%
0 1 Wolfgang von Trips
12%
0 1 Elio de Angelis
11%
0 1 John Watson
11%
0 2 José Froilán González
10%
0 1 François Cevert
9%
0 1 Luigi Fagioli
9%
0 1 Peter Collins
8%
0 2 Tony Brooks
8%
0 1 Luigi Musso
6%
0 1 Piero Taruffi
6%
0 1 Richie Ginther
6%
0 1 Eugenio Castellotti
5%
No matching quizzes found
Score Distribution
Percent of People with Each Score
Percentile by Number Answered
Your Score History
You have not taken this quiz since the last reset